Bandeiras Subdivisões do Equador - Statistics

Estatísticas Gerais
  • Esse quiz foi jogado 51 vezes
  • A pontuação média é 16 de 24
Estatísticas das Respostas
Imagem Resposta % Correto
Azuay
100%
Bolívar
100%
Cañar
80%
Carchi
80%
Chimborazo
80%
Cotopaxi
60%
El oro
60%
Esmeraldas
60%
Galápagos
60%
Guayas
60%
Imbabura
60%
Loja
60%
Los Ríos
60%
Manabí
60%
Morona Santiago
60%
Napo
60%
Orellana
60%
Pastaza
60%
Pichincha
60%
Santa Elena
60%
Santo Domingo de los Tsáchilas
60%
Sucumbíos
60%
Tungurahua
60%
Zamora Chinchipe
60%
Nenhum quiz correspondente encontrado
Distribuição das Pontuações
Porcentagem de Pessoas com Cada Pontuação
Percentil de Números Respondidos
Sua Pontuação Histórica
Você não jogou esse quiz